Instructions to Christian converts. (Record no. 13169)

000 -LEADER
fixed length control field 00558nam a2200193 a 4500
001 - CONTROL NUMBER
control field :::00010987$&:&@@
003 - CONTROL NUMBER IDENTIFIER
control field OkBaRHE
005 - DATE AND TIME OF LATEST TRANSACTION
control field 20000607103404.0
008 - FIXED-LENGTH DATA ELEMENTS--GENERAL INFORMATION
fixed length control field j 000 0 eng u
040 ## - CATALOGING SOURCE
Transcribing agency
100 1# - MAIN ENTRY--PERSONAL NAME
Personal name Clark, Dougan.
245 10 - TITLE STATEMENT
Title Instructions to Christian converts.
260 ## - PUBLICATION, DISTRIBUTION, ETC. (IMPRINT)
Place of publication, distribution, etc Salem, OH., :
Name of publisher, distributor, etc Schmul Publishers
Date of publication, distribution, etc nd
300 ## - PHYSICAL DESCRIPTION
Extent 62 p. ;
Dimensions 22 cm.
650 ## - SUBJECT ADDED ENTRY--TOPICAL TERM
Topical term or geographic name as entry element Christian Life
650 ## - SUBJECT ADDED ENTRY--TOPICAL TERM
Topical term or geographic name as entry element Converts
942 ## - ADDED ENTRY ELEMENTS (KOHA)
Source of classification or shelving scheme
Koha item type Books
Copies
Date acquired Withdrawn status Damaged status Copy number Not for loan Permanent Location Barcode Shelving location Lost status Price effective from Full call number Koha item type Date last seen Source of classification or shelving scheme
2010-04-14  1 RHEMA Bible Training College10987General Stacks 2010-04-14BV 4520 .C56Books2010-04-14